| 000 | 00477nam a22001577a 4500 | ||
|---|---|---|---|
| 003 | macl | ||
| 005 | 20240107120128.0 | ||
| 008 | 240107b |||||||| |||| 00| 0 eng d | ||
| 040 | _cmacl | ||
| 082 | _a100 | ||
| 100 |
_a ओशो _982215 |
||
| 245 | _aयुद्ध और शांति भगवदगीता का मनोविज्ञान | ||
| 260 |
_aदिल्ली _bफ्यूजन _c2019 |
||
| 650 |
_aदशर्न _967343 |
||
| 942 |
_2ddc _cHIN |
||
| 999 |
_c66613 _d66613 |
||